Statistics for Easy Country Facts

Click here to take the quiz!

General Stats

  • This quiz has been taken 31 times
  • The average score is 12 of 15

Answer Stats

QuestionAnswer% Correct
What is the coldest continant?Antartica
97%
What country has the biggest population?China
97%
Who hates Ukraine?Russia
97%
What country is the Amazon Rainforest in?Brazil
93%
What counrty likes pyramids?Egypt
93%
What is the coninant made of islands?Oceanania
93%
What is the smallest country in the world?Vatican City
93%
What is the biggest country in the world?Russia
90%
Who gets the blame for everything bad that happens?United Kingdom
83%
How many continants are there?7
79%
What is the biggest continant?Asia
79%
What is the continent with the least amount of countries?South America
76%
What country likes mountains?Andorra
69%
What continant has the most contries?Africa
62%
What country loves islands?Argentina
14%

Score Distribution

Percentile by Number Answered

Percent of People with Each Score

Your Score History

You have not taken this quiz